Los congresos federalistas de Durango : (Record no. 122542)
[ view plain ]
| 000 -CABECERA | |
|---|---|
| campo de control de longitud fija | 00957nam a2200241 a 4500 |
| 005 - FECHA Y HORA DE LA ÚLTIMA TRANSACCIÓN | |
| campo de control | 20251203064013.0 |
| 008 - ELEMENTOS DE LONGITUD FIJA--INFORMACIÓN GENERAL | |
| campo de control de longitud fija | 070524s2000 mx r 000 0 spa d |
| 020 ## - NÚMERO INTERNACIONAL NORMALIZADO PARA LIBROS | |
| Número Internacional Estándar del Libro | 9706841520 |
| 035 ## - NÚMERO DE CONTROL DEL SISTEMA | |
| Número de control de sistema | UPN01000150401 |
| 049 ## - COLECCIÓN | |
| Colección | CG |
| 050 #4 - SIGNATURA TOPOGRÁFICA DE LA BIBLIOTECA DEL CONGRESO | |
| Número de clasificación | KGF2919 A3 |
| Número de documento/Ítem | 1824 C6.5 |
| 245 04 - MENCIÓN DE TÍTULO | |
| Título | Los congresos federalistas de Durango : |
| Resto del título | 1824-1935 : colección de leyes y decretos del congreso constituyente... / |
| Mención de responsabilidad, etc. | estudio introd. y ed. César Navarro Gallegos. |
| 260 ## - PUBLICACIÓN, DISTRIBUCIÓN, ETC. | |
| Lugar de publicación, distribución, etc. | México : |
| Nombre del editor, distribuidor, etc. | Instituto Mora, |
| -- | 2006. |
| 300 ## - DESCRIPCIÓN FÍSICA | |
| Extensión | 428 p. |
| 590 ## - NOTA LOCAL (RLIN) | |
| Nota local | (También puedes localizar un ejemplar en el "Area de Reserva") |
| 590 ## - NOTA LOCAL (RLIN) | |
| Nota local | Bibliografía Básica (BGTQ) |
| 610 14 - ASIENTO SECUNDARIO DE MATERIA - NOMBRE CORPORATIVO | |
| Nombre de entidad corporativa o nombre de jurisdicción como elemento de entrada | DURANGO. |
| Unidad subordinada | CONGRESO CONSTITUYENTE (1824-1825) |
| 9 (RLIN) | 6657 |
| 610 14 - ASIENTO SECUNDARIO DE MATERIA - NOMBRE CORPORATIVO | |
| Nombre de entidad corporativa o nombre de jurisdicción como elemento de entrada | DURANGO. |
| Unidad subordinada | CONGRESO CONSTITUYENTE (1826-1827) |
| 9 (RLIN) | 6658 |
| 610 14 - ASIENTO SECUNDARIO DE MATERIA - NOMBRE CORPORATIVO | |
| Nombre de entidad corporativa o nombre de jurisdicción como elemento de entrada | DURANGO. |
| Unidad subordinada | CONGRESO CONSTITUYENTE (1827-1833) |
| 9 (RLIN) | 6656 |
| 651 #4 - ASIENTO SECUNDARIO DE MATERIA - NOMBRE GEOGRAFICO | |
| Nombre geográfico | Durango |
| Subdivisión general | Historia constitucional |
| 9 (RLIN) | 6655 |
| 700 1# - ASIENTO SECUNDARIO--NOMBRE DE PERSONAL | |
| Nombre de persona | Navarro Gallegos, César, |
| Término indicativo de función/relación | ed. |
| 905 ## - TIPO DE MATERIAL | |
| Tipo de material | Libro |
| Estado de retiro | Estado de pérdida | Fuente del sistema de clasificación o colocación | Estado dañado | Restricciones de uso | No para préstamo | Código de colección | Localización permanente | Ubicación/localización actual | Ubicación en estantería | Fecha de adquisición | Clasificación | Código de barras | Fecha visto por última vez | Número de copia | Tipo de ítem Koha |
|---|---|---|---|---|---|---|---|---|---|---|---|---|---|---|---|
| Library of Congress Classification | Préstamo por horas | Bibliografía básica | Bib. Gregorio Torres Quintero | Bib. Gregorio Torres Quintero | Colecciones especiales Planta alta | 30/01/2023 | KGF2919 A3 1824 C6.5 | 250913 | 31/12/2020 | 1 | Libro por horas |
